21st Century Popular Vote Totals - Statistics

General Stats
  • This quiz has been taken 20 times
  • The average score is 12 of 12
Answer Stats
Hint Answer % Correct
48.4 Al Gore
100%
52.9 Barack Obama
100%
51.1 Barack Obama
100%
46.9 Donald Trump
100%
50.7 George W. Bush
100%
47.9 George W. Bush
100%
48.2 Hillary Clinton
100%
51.4 Joe Biden
100%
47.2 Mitt Romney
100%
46.1 Donald Trump
94%
45.7 John McCain
94%
48.3 John Kerry
88%
No matching quizzes found
Score Distribution
Percent of People with Each Score
Percentile by Number Answered
Your Score History
You have not taken this quiz